Catálogo público

Fertilizacion para rendimientos maximos / G. w. cooke ; tradución Antonio Marino Ambrosio (Record no. 216859)

MARC details
000 -CABECERA
campo de control de longitud fija 01195nam a2200349Ia 4500
001 - NÚMERO DE CONTROL
campo de control Z_1784
008 - DATOS DE LONGITUD FIJA--INFORMACIÓN GENERAL
campo de control de longitud fija 220601s9999 xx 000 0 und d
020 ## - NÚMERO INTERNACIONAL ESTÁNDAR DEL LIBRO
Número Internacional Estándar del Libro 968-26-0351-x
082 ## - NÚMERO DE LA CLASIFICACIÓN DECIMAL DEWEY
Número de clasificación 631.81 C66
100 ## - ENTRADA PRINCIPAL--NOMBRE DE PERSONA
Nombre de persona Cooke, George William, 1916-
9 (RLIN) 178682
245 ## - MENCIÓN DE TÍTULO
Título Fertilizacion para rendimientos maximos / G. w. cooke ; tradución Antonio Marino Ambrosio
250 ## - MENCIÓN DE EDICIÓN
Mención de edición 5a. reimpresión
260 ## - PUBLICACIÓN, DISTRIBUCIÓN, ETC.
Lugar de publicación, distribución, etc. México : CECSA
300 ## - DESCRIPCIÓN FÍSICA
Extensión 383 p.
500 ## - NOTA GENERAL
Nota general Traducción de la obra en inglés: Fertilizing for maximum yield, 2a. edisión de 1975
503 ## - NOTA DE HISTORIA BIBLIOGRÁFICA (BK CF MU) [OBSOLETO]
Nota de historia bibliográfica ej.1: C/E \ ej.2: C/E
504 ## - NOTA DE BIBLIOGRAFÍA, ETC.
Nota de bibliografía, etc. Bibliografía: p. 362 - 370
650 ## - PUNTO DE ACCESO ADICIONAL DE MATERIA--TÉRMINO DE MATERIA
Término de materia o nombre geográfico como elemento de entrada 1. Fertilizantes
650 ## - PUNTO DE ACCESO ADICIONAL DE MATERIA--TÉRMINO DE MATERIA
Término de materia o nombre geográfico como elemento de entrada Fertilizantes orgánicos
9 (RLIN) 138942
650 ## - PUNTO DE ACCESO ADICIONAL DE MATERIA--TÉRMINO DE MATERIA
Término de materia o nombre geográfico como elemento de entrada Estiércol
9 (RLIN) 38313
650 ## - PUNTO DE ACCESO ADICIONAL DE MATERIA--TÉRMINO DE MATERIA
Término de materia o nombre geográfico como elemento de entrada Fertilizantes compuestos
9 (RLIN) 138939
650 ## - PUNTO DE ACCESO ADICIONAL DE MATERIA--TÉRMINO DE MATERIA
Término de materia o nombre geográfico como elemento de entrada Fertilizantes fosforados
9 (RLIN) 138941
650 ## - PUNTO DE ACCESO ADICIONAL DE MATERIA--TÉRMINO DE MATERIA
Término de materia o nombre geográfico como elemento de entrada Fertilizantes de nitrógeno
9 (RLIN) 138940
650 ## - PUNTO DE ACCESO ADICIONAL DE MATERIA--TÉRMINO DE MATERIA
Término de materia o nombre geográfico como elemento de entrada Biofertilizantes
9 (RLIN) 12734
650 ## - PUNTO DE ACCESO ADICIONAL DE MATERIA--TÉRMINO DE MATERIA
Término de materia o nombre geográfico como elemento de entrada Rendimiento de los cultivos
9 (RLIN) 138943
700 ## - PUNTO DE ACCESO ADICIONAL--NOMBRE DE PERSONA
Nombre de persona Marino Ambrosio, Antonio, tr.Ì
9 (RLIN) 178684
901 ## - ELEMENTOS DE DATOS A LOCAL LDA (RLIN)
a 631.81 C66
902 ## - ELEMENTOS DE DATOS B LOCAL, LDB (RLIN)
a M
905 ## - ELEMENTOS DE DATOS E LOCAL, LDE (RLIN)
a 523227 1983 mx mn 8222213312spa16
942 ## - ELEMENTOS DE PUNTO DE ACCESO ADICIONAL (KOHA)
Tipo de ítem Koha Libro_
Holdings
Estado de retiro Estado de pérdida Fuente del sistema de clasificación o colocación Estado dañado Restricciones de uso No para préstamo Código de colección Localización permanente Ubicación/localización actual Fecha de adquisición Fuente de adquisición Número de inventario Total de préstamos Signatura topográfica completa Código de barras Fecha visto por última vez Número de copia Precio válido a partir de Tipo de ítem Koha
    Dewey Decimal Classification   Préstamo interno   General Zootecnia Zootecnia 07/05/2003 Compra C/E   631.81 C66 z_6699 02/06/2022 Ej.2 02/06/2022 Libro
    Dewey Decimal Classification   Préstamo interno   General Zootecnia Zootecnia 26/10/1999 Compra C/E   631.81 C66 z_3209 02/06/2022 Ej.1 02/06/2022 Libro